| 000 | 00433nam a22001817a 4500 | ||
|---|---|---|---|
| 003 | CEME | ||
| 005 | 20210628202001.0 | ||
| 008 | 210129b xxu||||| |||| 00| 0 eng d | ||
| 020 | _a969-35-0092-X | ||
| 040 | _c. | ||
| 082 | _a891.4392 ISH | ||
| 100 |
_aAshfaq Ahmad _93162 |
||
| 245 | _aAur dramay | ||
| 260 |
_aLAHORE _bSANG E MEEL PUBLISHER _c1993 |
||
| 300 | _a1146P | ||
| 650 |
_aURDU ADAB-DRAMAY _928466 |
||
| 942 |
_cBK _2ddc |
||
| 999 |
_c567985 _d567985 |
||